Professional service & faculty rewards : toward an integrated structure /

Bibliographic Details
Main Author: Elman, Sandra E.
Corporate Author: National Association of State Universities and Land-Grant Colleges
Other Authors: Smock, Sue Marx
Format: Book
Language:English
Published: Washington, D.C. : National Association of State Universities and Land-Grant Colleges, [1985]
Subjects:

MARC

Tag First Indicator Second Indicator Subfields
LEADER 00000cam a2200000 a 4500
001 in00000592221
005 20151014082222.0
008 860212s1985 dcua b 00010 eng d
035 |a (OCoLC)13140364 
035 |9 ACQ1424AM 
040 |a SCT  |c SCT  |d NGU  |d m/c  |d TXA  |d UtOrBLW 
049 |a TXAM  |c [A10010436] 
090 |a LB2333  |b .E4 1985 
100 1 |a Elman, Sandra E. 
245 1 0 |a Professional service & faculty rewards :  |b toward an integrated structure /  |c Sandra E. Elman & Sue Marx Smock. 
264 1 |a Washington, D.C. :  |b National Association of State Universities and Land-Grant Colleges,  |c [1985] 
264 4 |c ©1985 
300 |a 56 pages :  |b illustrations ;  |c 23 cm. 
336 |a text  |b txt  |2 rdacontent 
337 |a unmediated  |b n  |2 rdamedia 
338 |a volume  |b nc  |2 rdacarrier 
504 |a Bibliography: pages 55-56. 
650 0 |a College teachers  |x Rating of. 
650 0 |a Municipal universities and colleges. 
650 0 |a Counseling in higher education. 
700 1 |a Smock, Sue Marx. 
710 2 |a National Association of State Universities and Land-Grant Colleges. 
999 |a MARS 
999 f f |s 13d7df3a-97c2-3eac-b26f-474211220f4f  |i 0f59a8dc-7bcf-314b-ad12-685d6af0b748  |t 0 
952 f f |p normal  |a Texas A&M University  |b College Station  |c Sterling C. Evans Library  |d Evans: Library Stacks  |t 0  |e LB2333 .E4 1985  |h Library of Congress classification  |i unmediated -- volume  |m A14810010436 
998 f f |a LB2333 .E4 1985  |t 0  |l Evans: Library Stacks